000 00694nam a2200217 4500
008 s2004 fr fre u
020 _a2011353777
020 _a9782011353771
040 _aLB-BrCRDP
082 1 _a2de
_bSVT. g
100 1 _aMsihid, B.
245 1 0 _aSciences de la vie et de la terre - 2de. Livre du professeur
_cB. Msihid , S. Arrighi
260 _aParis
_bHachette
_c2004
300 _a77 p.
_bcouv. couleur, ill. noir et blanc.
_c30 cm
500 _aSommaire, exercices d'entraƮnement.
650 4 _aSciences de la vie et de la terre
650 4 _aClasse de 2de
700 1 _aArrighi, S.
942 _cBK
999 _c1095
_d1095